कायर एरिया : (Record no. 114492)

MARC details
000 -LEADER
fixed length control field 01038nam a22002537a 4500
005 - DATE AND TIME OF LATEST TRANSACTION
control field 20170124103009.0
010 ## - LIBRARY OF CONGRESS CONTROL NUMBER
LC control number A-775306
020 ## - INTERNATIONAL STANDARD BOOK NUMBER
Terms of availability 150.00
International Standard Book Number 8186125248
035 ## - SYSTEM CONTROL NUMBER
System control number A-775306
037 ## - SOURCE OF ACQUISITION
Source of stock number/acquisition Cen Lib/Ret
040 ## - CATALOGING SOURCE
Original cataloging agency DPL
Language of cataloging HN
082 ## - DEWEY DECIMAL CLASSIFICATION NUMBER
Classification number
Item number इलिया
100 ## - MAIN ENTRY--PERSONAL NAME
Personal name इलियास अहमद गद्दी
9 (RLIN) 5593
245 ## - TITLE STATEMENT
Title कायर एरिया :
Statement of responsibility, etc इलियास अहमद गद्दी
Remainder of title उपन्यास /
246 ## - VARYING FORM OF TITLE
Title proper/short title Kayar eriya : upanyas /
Remainder of title by Iliyas Ahmad Gaddi
260 ## - PUBLICATION, DISTRIBUTION, ETC. (IMPRINT)
Place of publication, distribution, etc कानपूर
Name of publisher, distributor, etc साहित्य सदन
Date of publication, distribution, etc 1996
270 ## - ADDRESS
Address १२४/१५,ई ब्लाक, गोविन्द नगर
City कानपूर
Postal code 208006
300 ## - PHYSICAL DESCRIPTION
Extent 240पृ.
Dimensions 20सेमी(सजिल्द )
650 ## - SUBJECT ADDED ENTRY--TOPICAL TERM
Topical term or geographic name as entry element हिंदी साहित्य
General subdivision
Geographic subdivision
9 (RLIN) 57020
650 ## - SUBJECT ADDED ENTRY--TOPICAL TERM
Topical term or geographic name as entry element हिंदी उपन्यास
9 (RLIN) 57021
650 ## - SUBJECT ADDED ENTRY--TOPICAL TERM
Topical term or geographic name as entry element Hindi literature
Form subdivision
9 (RLIN) 57022
650 ## - SUBJECT ADDED ENTRY--TOPICAL TERM
Topical term or geographic name as entry element Hindi fiction
9 (RLIN) 27248
942 ## - ADDED ENTRY ELEMENTS (KOHA)
Source of classification or shelving scheme Dewey Decimal Classification
Koha item type Hindi Books
Classification part
Call number suffix इलिया
Holdings
Withdrawn status Lost status Damaged status Not for loan Home library Current library Date acquired Source of acquisition Cost, normal purchase price Total Checkouts Full call number Barcode Date last seen Copy number Cost, replacement price Price effective from Koha item type
        Central Library Central Library 18/08/2015 Cen Lib/Ret 150.00   उ इलिया A-775306 18/08/2015 1 150.00 18/08/2015 Hindi Books

© Delhi Public Library
Hit Counter
free hit counter